000 01177nab a2200337 a 4500
001 149672
003 FlNmELB
005 20241217182428.0
006 m o d |
007 cr cn|||||||||
008 201201r2010 ck |||||s|||||||||||spa d
022 _a2145-549X
035 _a(OCoLC)955460106
040 _aFlNmELB
_bspa
_cFlNmELB
050 4 _aL7
_bC8241 2010
080 _a37
082 0 4 _a370
_222
100 1 _aCorrea de Molina, Cecilia.
245 1 0 _aAuto-organización curricular en el contexto de la emergencia de una ética global
_h[recurso electronico]
_cCecilia Correa de Molina.
260 _aBogotá :
_bDirección Nacional de Escuelas,
_c2010.
300 _a11 p.
310 _aSemestral
362 0 _aNo. 2.
440 0 _aLogos Ciencia y Tecnología
533 _aRecurso electrónico. Santa Fe, Arg.: e-libro, 2015. Disponible vía World Wide Web. El acceso puede estar limitado para las bibliotecas afiliadas a e-libro.
650 4 _aEducation.
_xGeneral.
650 4 _aEducación.
_xGeneral.
655 4 _aArtículos electrónicos.
710 2 _ae-libro, Corp.
856 4 0 _uhttps://elibro.net/ereader/politecnicointernacional/33307
999 _c149672
_d149672